Исследование прочности и деформативности сборно-монолитных конструкций при различных режимах нагружения: межвузовский сборник

Opis bibliograficzny
Korporacja: Казанский инженерно-строительный институт (КИСИ)
Język:rosyjski
Wydane: Казань, Изд-во КХТИ, 1984
Hasła przedmiotowe:
Format: Książka
KOHA link:https://koha.lib.tpu.ru/cgi-bin/koha/opac-detail.pl?biblionumber=283907

MARC

LEADER 00000nam0a2200000 4500
001 283907
005 20231101235637.0
020 |a RU  |b 85-13802 
035 |a (RuTPU)RU\TPU\book\308045 
090 |a 283907 
100 |a 20150211d1984 k y0rusy5003 ca 
101 0 |a rus 
102 |a RU 
105 |a a z 001zy 
200 1 |a Исследование прочности и деформативности сборно-монолитных конструкций при различных режимах нагружения  |e межвузовский сборник  |f Казанский инженерно-строительный институт (КИСИ) 
210 |a Казань  |c Изд-во КХТИ  |d 1984 
215 |a 72 с.  |c ил. 
320 |a Библиография в конце статей 
606 |a Железобетонные конструкции сборномонолитные  |2 stltpush  |3 (RuTPU)RU\TPU\subj\10704  |9 37742 
610 1 |a нагружение 
610 1 |a прочность 
610 1 |a деформативность 
610 1 |a исследования 
610 1 |a несущая способность 
610 1 |a трещиностойкость 
610 1 |a сцепление 
610 1 |a расчеты 
675 |a 624.012.4  |z rus  |v 3 
712 0 2 |a Казанский инженерно-строительный институт (КИСИ)  |c (1957-1995)  |2 stltpush  |3 (RuTPU)RU\TPU\col\14863 
801 0 |a RU  |b RuMRKP  |c 19950704  |g psbo 
801 1 |a RU  |b 63413507  |c 20150211 
801 2 |a RU  |b 63413507  |c 20170831  |g RCR 
942 |c BK